Ebersole and Hess' gerontological nursing & healthy aging / (Record no. 19682)
[ view plain ]
| 000 -LEADER | |
|---|---|
| fixed length control field | 01726cam a22002775a 4500 |
| 001 - CONTROL NUMBER | |
| control field | 17539433 |
| 005 - DATE AND TIME OF LATEST TRANSACTION | |
| control field | 20151019112425.0 |
| 008 - FIXED-LENGTH DATA ELEMENTS--GENERAL INFORMATION | |
| fixed length control field | 121121t2014 moua frb 001 0 eng d |
| 020 ## - INTERNATIONAL STANDARD BOOK NUMBER | |
| International Standard Book Number | 9780323096065 (pbk. : alk. paper) |
| 040 ## - CATALOGING SOURCE | |
| Original cataloging agency | DNLM/DLC |
| Language of cataloging | eng |
| Transcribing agency | DLC |
| Modifying agency | DLC |
| -- | EG-ScBUE |
| 082 04 - DEWEY DECIMAL CLASSIFICATION NUMBER | |
| Classification number | 618.970231 |
| Item number | TOU |
| Edition number | 22 |
| 100 1# - MAIN ENTRY--PERSONAL NAME | |
| Personal name | Touhy, Theris A. |
| 9 (RLIN) | 38451 |
| 245 10 - TITLE STATEMENT | |
| Title | Ebersole and Hess' gerontological nursing & healthy aging / |
| Statement of responsibility, etc | Theris A. Touhy, Kathleen F. Jett. |
| 246 30 - VARYING FORM OF TITLE | |
| Title proper/short title | Gerontological nursing and healthy aging |
| 250 ## - EDITION STATEMENT | |
| Edition statement | 4th ed. |
| 260 ## - PUBLICATION, DISTRIBUTION, ETC. (IMPRINT) | |
| Place of publication, distribution, etc | Missouri : |
| Name of publisher, distributor, etc | Elsevier / Mosby, |
| Date of publication, distribution, etc | c.2014. |
| 300 ## - PHYSICAL DESCRIPTION | |
| Extent | xiii, 436 p. : |
| Other physical details | ill. ; |
| Dimensions | 24 cm. |
| 500 ## - GENERAL NOTE | |
| General note | Index : p. 421-436. |
| 504 ## - BIBLIOGRAPHY, ETC. NOTE | |
| Bibliography, etc | Includes bibliographical references. |
| 505 0# - FORMATTED CONTENTS NOTE | |
| Formatted contents note | Introduction to healthy aging -- Gerontological nursing history, education, and roles -- Care across the continuum -- Culture and aging -- Theories of aging and physical changes -- Social, psychological, spiritual, and cognitive aspects of aging -- Assessment and documentation for optimal care -- Safe medication use -- Nutrition and hydration -- Elimination -- Rest, sleep, and activity -- Promoting healthy skin and feet -- Promoting safety -- Living with chronic illness -- Pain and comfort -- Diseases affecting vision and hearing -- Metabolic disorders -- Bone and joint problems -- Cardiovascular and respiratory disorders -- Neurological disorders -- Cognitive impairment -- Mental health -- Economic and legal issues -- Relationships, roles, and transitions -- Loss, death, and palliative care. |
| 650 #7 - SUBJECT ADDED ENTRY--TOPICAL TERM | |
| Topical term or geographic name as entry element | Geriatric nursing. |
| Source of heading or term | BUEsh |
| 9 (RLIN) | 28906 |
| 651 ## - SUBJECT ADDED ENTRY--GEOGRAPHIC NAME | |
| Source of heading or term | BUEsh |
| 653 ## - INDEX TERM--UNCONTROLLED | |
| Resource For college | Nursing |
| Arrived date list | June2015 |
| -- | September2015 |
| 700 1# - ADDED ENTRY--PERSONAL NAME | |
| Personal name | Jett, Kathleen F. |
| 942 ## - ADDED ENTRY ELEMENTS (KOHA) | |
| Source of classification or shelving scheme | Dewey Decimal Classification |
| Call number prefix | 618.970231 TOU |
| Withdrawn status | Lost status | Source of classification or shelving scheme | Damaged status | Not for loan | Koha collection | Home library | Current library | Shelving location | Date acquired | Source of acquisition | Cost, normal purchase price | Serial Enumeration / chronology | Total Checkouts | Full call number | Barcode | Date last seen | Cost, replacement price | Koha item type | Total Renewals | Date last borrowed |
|---|---|---|---|---|---|---|---|---|---|---|---|---|---|---|---|---|---|---|---|---|
| Dewey Decimal Classification | Alahram | Central Library | Central Library | First floor | 16/06/2015 | Purchase | 543.00 | 324 | 618.970231 TOU | 000038616 | 15/07/2025 | 678.75 | Book - Borrowing | |||||||
| Dewey Decimal Classification | Alahram | Central Library | Central Library | First floor | 16/06/2015 | Purchase | 543.00 | 324 | 1 | 618.970231 TOU | 000038601 | 15/07/2025 | 678.75 | Book - Borrowing | 14 | 15/02/2017 |